Geopolítica del fracking: impactos y riesgos ambientales /
La extracción de petróleo y gas de esquisto presenta serios riesgos ambientales y ya ha generado protestas de gran amplitud, pero detrás de las nuevas tecnologías que la hacen posible hay poderosos intereses económicos y políticos. Los hidrocarburos no tradicionales son parte, además, de entramados...
Enregistré dans:
| Auteur principal: | |
|---|---|
| Format: | Texte |
| Sujets: | |
| Tags: |
Ajouter un tag
Pas de tags, Soyez le premier à ajouter un tag!
|
MARC
| LEADER | 00000 a a2200000 04500 | ||
|---|---|---|---|
| 001 | 45613 | ||
| 003 | |||
| 040 | |||
| 100 | |a Bacchetta, Víctor L. | ||
| 245 | |a Geopolítica del fracking: |b impactos y riesgos ambientales / |c Víctor L. Bacchetta | ||
| 500 | |a vbacchet@yahoo.com.ar | ||
| 520 | |a La extracción de petróleo y gas de esquisto presenta serios riesgos ambientales y ya ha generado protestas de gran amplitud, pero detrás de las nuevas tecnologías que la hacen posible hay poderosos intereses económicos y políticos. Los hidrocarburos no tradicionales son parte, además, de entramados geopolíticos que tienen a Estados Unidos como principal protagonista. Pese a ello, en los últimos tiempos, países como Francia y Bulgaria han prohibido el fracking hasta que se tenga más información sobre los riesgos y varios gobiernos locales de diferentes partes del mundo han tomado decisiones similares. Sin embargo, en América Latina es presentado como una nueva fuente de prosperidad. | ||
| 590 | |a MBA/MAYO2014 | ||
| 650 | |a 1.PETROLEO | ||
| 650 | |a 2.CONTAMINACION DEL AGUA | ||
| 650 | |a 3.MINERALES | ||
| 650 | |a 4.HIDROCARBUROS | ||
| 650 | |a 5.PRODUCTOS DEL PETROLEO | ||
| 650 | |a 6.GEOPOLITICA | ||
| 650 | |a 7.IMPACTO AMBIENTAL | ||
| 650 | |a 8.CONTAMINACION AMBIENTAL | ||
| 650 | |a 9.YACIMIENTOS PETROLIFEROS | ||
| 650 | |a 10.PROTESTA SOCIAL | ||
| 650 | |a 11.CONFLICTOS SOCIALES | ||
| 650 | |a 12.ESTADOS UNIDOS | ||
| 650 | |a 13.AMERICA LATINA | ||
| 773 | |g número244 ( , 2013), , páginas 61-73 | ||
| 999 | |c 32843 |d 32843 | ||
